MDQL
is popping MORE tags! Check the
thread
!
Quizzes
Events
Quiz Creation
Community
Videos
Private Events
Remove Ads
Sign In
Join for FREE
Feedback
Dark Mode
Quiz Categories
Sports
Geography
Music
Movies
Television
Just For Fun
Miscellaneous
History
Literature
Language
Science
Gaming
Entertainment
Religion
Holiday
For Kids
Quiz Lab
Recent
Popular Today
Quiz Kudos Today
Editor Picks
Curator Picks
Quizzes by...
Day
Popularity
Type
Ratings
Length
Year
Community
Subscriptions
Recent Discussions
Orange Saloon
Badges
Playlists
Quests
Create
Leaderboards
Showdown
Live 5
Trivia Bingo
Activity
Puzzle Library
Sporcle Events
Private Events
Virtual Trivia
Globe League
Become a Host
Pub Owners
SporcleCon
Opinionation
Our Games
Videos
Blog
Mobile Apps
Partnerships
Remove Ads and Go Orange
Feedback
Movies
Disney
Marvel Cinematic Universe
Movie Resume
Movie Titles
Oscar
Actor
Actress
Director
Pixar
Role
Movie Quotes
Movie Characters
Box Office
Nominee
Best Picture
Star Wars
James Bond
Horror Movies
Movies
Disney
Marvel Cinematic Universe
Movie Resume
Movie Titles
Oscar
Actor
Actress
Director
Pixar
Role
Movie Quotes
Movie Characters
Box Office
Nominee
Best Picture
Star Wars
James Bond
Horror Movies
Random Quiz
Search Sporcle
×
Quiz Lab
Quiz Lab
Movies
Quote
Type in answers that appear in a list
Type in answers that appear in a list
Classic
Best Score? Go Orange.
Dumb and Dumber Quote Game Stats
Can you name the Dumb and Dumber Quote Game?
By
sknapp
5m
20 Questions
5,079 Plays
5,079 Plays
5,079 Plays
Comments
Comments
Give Quiz Kudos
Give Quiz Kudos
-
- Ratings
hide this ad
Replay
Link that replays current quiz
Next Quiz
Link to next quiz in quiz playlist
You Got
0%
They Got
Avg Score
65%
Avg Friend Score
Upgrade to see
Score Distribution
Jump to the score distribution portion of the page
Score
0/20
Timer
05:00
0
Plays Today
Quote
Answer
% Correct
Airport Clerk: Sir, you can't go in there. Lloyd: It's okay,
I'm a limo driver
93.7%
Harry: [voice breaks] It gets worse, Lloyd. My parakeet, Petey... Lloyd: Yeah? Harry: He's dead. Lloyd: Oh... Oh, man, I'm sorry, Harry. What happened? Harry:
His head fell off
90.4%
Lloyd: _
_
_
_
_
_
_
_
_
! I was way off! I knew it started with an S, though.
Samsonite!
86.6%
Lloyd: Oh! Well, pardon me, Mr. _
_
_
_
_
_
_
!!! (nervously laughs) I guess I forgot that you never, ever make a mistake!
Perfect
86.4%
Harry: Just when I think you couldn't possibly be any dumber, you go and do something like this
totally redeem yourself
85.2%
Lloyd: Mary, I deperately want to make love to
a school boy
78.3%
Lloyd: That's it. I've had it with this dump! We've got no food, we've got no jobs,
Our pets heads are fallin off!
76.3%
Lloyd: Where women instinctively flock like the _
_
_
_
_
of Capistrano
Salmon
63.2%
Lloyd: Thanks. Hey, I guess they're right. Senior citizens, although slow and dangerous behind the wheel, can still serve a purpose. I'll be right back.
Don't you go dying on me!
62.7%
Lloyd: That's a lovely accent you have,
New Jersey?
62.4%
Quote
Answer
% Correct
Harry: Yes, I do! Yesterday was one of the greatest days of my life! Mary and I went skiing, we made a snowman,
she touched my leg
60.9%
Lloyd: I got robbed by a sweet old lady on a motorized cart.
I didn't even see it coming!
60.2%
Harry: Extra gloves? You've had...this pair...of extra gloves...this whole time?? Lloyd: Yeah!
We're in the Rockies.
59%
Officer: Pull over! Harry:
No it's a cardigan but thanks for noticing!
56.6%
Lloyd: No way. That's great: We've
landed on the moon!
56.6%
Lloyd: Y-
you'll have to excuse my friend. He's a little slow..
the town is back that way!
56.1%
Harry: I'm gonna do it! [throws the briefcase, but it lands somewhere off-
screen] [Harry grabs Lloyd and starts strangling him]: Lloyd: EEEK! HARRY!
Your hands are freezing!
50.6%
Lloyd: [reacts; whispers] His head fell off? Harry:
Yeah, he was pretty old
47.4%
Lloyd: Harry! You're alive...and
you're a horrible shot
46.8%
Lloyd: One-
half teaspoon, for
fast, effective relief
39.2%
Quiz Playlist
Details
Report
Send in Message
Add To Playlist
Classic:
Type in answers that appear in a list
Last Updated: Feb 16, 2017
Quiz Scoreboard
CHALLENGE
Sign Up to Join the Scoreboard
Show All
Scores
Hide
Comments
May contain spoilers
Recently Published
Find the 'City' Movie
by crazypaving
Movies
60s
5x2 Blitz: Bands
by SL_Kpop136
Music
30s
Colored Red Africa Blitz
by spor1
Geography
30s
More to Explore
Quiz From the Vault
Featured Blog Post
14 Easter Pick-up Lines to Find Eggs With
hide this ad
You Might Also Like...
Tags
Quote Quiz
dumb
Dumber
Dumber Quote
Today's Top Quizzes in Movies
Browse Movies
hide this ad
Today's Top Quizzes in Quote
Browse Quote
Top Contributed Quizzes in Movies
1
Find The 'Big' Movie
2
Find The 'Wild' Movie
3
Find The 'Blue' Movie
4
Movies By Plot
5
Hidden Star Wars Character II
6
Pick 5 Posters: Directed by Spielberg
7
Hidden Star Wars Character III
8
The ultimate James Bond movie quiz
9
Hidden Star Wars Character IV
10
25 Best Actor Nominees (1990s)
Explore More
Trending Topics
NBA
Crossword
Anime
Kpop
Marvel
Harry Potter
Disney
Soccer
Country
Song
Pokémon
Puzzle
NFL
WWE
The Office
hide this ad
More By:
sknapp
Quiz
Plays
Rating
Category
Featured
Created
NBA 15K Points, One Franchise
230,758
4.52
Sports
May 1, 2010
AP All-Americans
99,837
4.35
Sports
Nov 6, 2009
MLB Teams' Most Recent Rookie of the Year
31,753
4.66
Sports
Dec 2, 2009
NBA Last 200 Players to score 40+ Points
12,272
4.46
Sports
Jun 7, 2010
MLB MVP Voting 2000-2008
5,872
4.39
Sports
Nov 4, 2009
Go to Creator's Profile
Score Distribution
Quiz Creator Spotlight
sknapp
Follow
Send a Message
Quizzes Created
-
Created Quiz Play Count
-
More By This Creator
Popular Quizzes Today
1
Colored Red Africa Blitz
2
Find the 'City' Movie
3
Find the US States - No Outlines Minefield
4
5x2 Blitz: Bands
5
The Countries of the World
6
Find the US States
7
Find the Countries of Europe - No Outlines Minefield
8
US States
More Movies Quizzes
Ed Harris as...
Quiz Lab
Trending Quizzes
Colored Red Europe Blitz I
Colored Red Africa Blitz II
Colored Red Europe Blitz II
Colored Red Europe Blitz III
Colored Red Africa Blitz III
Recently Updated
How Do You Spell That?
pecheneg
Godzilla Movies
pecheneg
Grab Bag: 4-10 Letters
pecheneg
2024 March Madness Bracket
pecheneg
Famous TV Couples
Peacemaker
Champions League XIs: Real Madrid
pecheneg
Largest US Cities 1790-2010
pecheneg
Rides in Walt Disney World
pecheneg
Most Oscar Losses (Acting)
pecheneg
Beyoncé Albums
pecheneg
Trending Topics
Kpop
Anime
NBA
Crossword
Marvel
Harry Potter
Disney
Song
Puzzle
Pokémon
Soccer
Country
NFL
The Office
WWE
Your Account Isn't Verified!
In order to create a playlist on Sporcle, you need to verify the email address you used during registration. Go to your
Sporcle Settings
to finish the process.
Report this User
Report this user for behavior that violates our
Community Guidelines
.
Details:
Send Report
Go to the Sporcle.com Mobile Site →
Comments